000 00653nam a2200241Ia 4500
003 OSt
005 20220928113647.0
006 a|||||r|||| 00| 0
007 ta
008 220927b |||||||| |||| 00| 0 eng d
024 _a32689
037 _cTextual
040 _aSDCL
_cSDCL
_beng
041 _2eng
_aeng
082 _aW6, P8
100 _aElstub Stephen
_9434318
245 0 _aTowards a deliberative and associational democracy
260 _aEdinburgh
_bEdinburgh University Press
_c2008
300 _avii,262p
_ccm.
650 _aDemocracy
_9393045
942 _hW6, P8
_cTEXL
_2CC
999 _c750665
_d750665